LEADER 01978oam 2200529M 450 001 9910716290403321 005 20200213071003.6 035 $a(CKB)5470000002519217 035 $a(OCoLC)1065634866 035 $a(OCoLC)995470000002519217 035 $a(EXLCZ)995470000002519217 100 $a20071213d1926 ua 0 101 0 $aeng 135 $aurcn||||||||| 181 $ctxt$2rdacontent 182 $cc$2rdamedia 183 $acr$2rdacarrier 200 10$aBridge across the Mississippi River at or near Vicksburg, Miss. April 19 (calendar day, April 20), 1926. -- Ordered to be printed 210 1$a[Washington, D.C.] :$c[U.S. Government Printing Office],$d1926. 215 $a1 online resource (2 pages) 225 1 $aSenate report / 69th Congress, 1st session. Senate ;$vno. 637 225 1 $a[United States congressional serial set ] ;$v[serial no. 8525] 300 $aBatch processed record: Metadata reviewed, not verified. Some fields updated by batch processes. 300 $aFDLP item number not assigned. 517 $aBridge across the Mississippi River at or near Vicksburg, Miss. April 19 606 $aBridge construction industry 606 $aBridges$xDesign and construction 606 $aBridges 606 $aConstruction industry 606 $aLegislative amendments 608 $aLegislative materials.$2lcgft 615 0$aBridge construction industry. 615 0$aBridges$xDesign and construction. 615 0$aBridges. 615 0$aConstruction industry. 615 0$aLegislative amendments. 701 $aBingham$b Hiram$f1875-1956$pRepublican (CT)$0463205 801 0$bWYU 801 1$bWYU 801 2$bOCLCO 801 2$bOCLCQ 801 2$bOCLCO 801 2$bOCLCQ 906 $aBOOK 912 $a9910716290403321 996 $aBridge across the Mississippi River at or near Vicksburg, Miss. April 19 (calendar day, April 20), 1926. -- Ordered to be printed$93524095 997 $aUNINA LEADER 01226oam 2200385zu 450 001 9910872542203321 005 20241212215430.0 035 $a(CKB)1000000000278230 035 $a(SSID)ssj0000453792 035 $a(PQKBManifestationID)12203631 035 $a(PQKBTitleCode)TC0000453792 035 $a(PQKBWorkID)10486801 035 $a(PQKB)10986068 035 $a(NjHacI)991000000000278230 035 $a(EXLCZ)991000000000278230 100 $a20160829d2005 uy 101 0 $aeng 135 $aur||||||||||| 181 $ctxt 182 $cc 183 $acr 200 00$a2005 44th IEEE Conference on Decision and Control and European Control Conference 210 31$a[Place of publication not identified]$cI E E E$d2005 215 $a1 online resource (8384 pages) $cillustrations 300 $aBibliographic Level Mode of Issuance: Monograph 311 08$a9780780395671 311 08$a0780395670 606 $aAdaptive control systems$vCongresses 615 0$aAdaptive control systems 676 $a629.8 801 0$bPQKB 906 $aPROCEEDING 912 $a9910872542203321 996 $a2005 44th IEEE Conference on Decision and Control and European Control Conference$92496817 997 $aUNINA